00744nam a22002057a 4500008004100000020002200041050002100063100003100084245009400115250001300209260003000222300002200252440003500274500002200309650002400331650003800355942001400393952011400407999001700521121212t xxu||||| |||| 00| 0 eng d a978-84-7112-208-7 aLB1051 G44 2009 aGimeno Sacristán, José aLa p3edagogía por objetivos: obsesión por la eficiencia c/ José gimeno Sacristán a12a ed.  aMadridb: Moratac, 2009. a179 p. ; c23 cm. aPedagogía. La pedagogia hoy. aEducación mixta 21.Psicopedagogía  22.Educación - Metas y objetivos 2ddccHMAN 00102lcc4070a08b08d2012-12-12l2oLB1051 G44 2009p08 004352r2018-07-12s2018-07-12t1w2012-12-12yLB c88835d88835